000 00297nam a2200109Ia 4500
001 1276045
005 20260417160439.0
008 260417s9999 xx 000 0 und d
020 _a9786255998620
245 0 _aChildren of Salik – Treasure Hunt
_cJenny Molendyk Divleli
260 _bKetebe Çocuk
999 _c1276045
_d1276045